LEADER 01065cam a2200241 i 4500 001 991002778709707536 008 150612s2013 enk b 001 0 eng 020 $a9781107655010 035 $ab14231359-39ule_inst 040 $aDip.to di Storia, Società e Studi sull'Uomo$bita 082 04$a306.0973 100 1 $aMoreno, Paul D.$0480805 245 14$aThe American state from the Civil War to the New Deal :$bthe twilight of constitutionalism and the triumph of progressivism /$cPaul D. Moreno 260 $aCambridge :$bCambridge University Press,$c2013 300 $aXVI, 349 p. ;$c24 cm. 504 $aInclude bibliografia (p. 333-342) e indice 651 4$aStati Uniti d'America$xPolitica sociale$ySec. 19.-20. 907 $a.b14231359$b03-07-15$c12-06-15 912 $a991002778709707536 945 $aLE023 306.097 MOR 1 1 $g1$i2023000136997$lle023$op$pE32.00$q-$rl$s- $t0$u0$v0$w0$x0$y.i1568104x$z16-06-15 996 $aAmerican state from the Civil War to the New Deal$9255205 997 $aUNISALENTO 998 $ale023$b15-06-15$cm$da $e-$feng$genk$h4$i0